[Event "12th World Uni Women"]
[Site "Guimaraes POR"]
[Date "2012.08.21"]
[Round "3.3"]
[White "Severiukhina,Z"]
[Black "Przezdziecka,M"]
[Result "0-1"]
[WhiteElo "2352"]
[BlackElo "2276"]

1.e4 c5 2.Nf3 Nc6 3.d4 cxd4 4.Nxd4 Nf6 5.Nc3 d6 6.Bg5 e6 7.Qd2 a6 8.O-O-O Bd7
9.f4 b5 10.Bxf6 gxf6 11.Kb1 Qb6 12.Nf3 b4 13.Ne2 Qc5 14.Ned4 Nxd4 15.Nxd4 a5
16.b3 Bh6 17.Bc4 Ke7 18.Rhf1 Rhc8 19.Qe2 a4 20.f5 axb3 21.cxb3 Qe5 22.Rf3 Bg5
23.Rh3 h6 24.Nf3 Qc5 25.e5 fxe5 26.Nxg5 hxg5 27.Qg4 d5 28.Qxg5+ Kd6 29.Rh7 Qf2
30.Rd2 Qe1+ 31.Kb2 Rxa2+ 32.Kxa2 Ra8+ 33.Kb2 Qa1+ 34.Kc2 Ra2+ 35.Kd3 Qf1+
36.Ke3 d4+ 37.Rxd4+ exd4+ 38.Kxd4 e5+  0-1

[Event "27th Schwarzacher Open"]
[Site "Schwarzach AUT"]
[Date "2012.08.21"]
[Round "4.4"]
[White "Palac,M"]
[Black "Danner,G"]
[Result "1-0"]
[WhiteElo "2599"]
[BlackElo "2374"]

1.e4 c5 2.Nf3 d6 3.d4 cxd4 4.Nxd4 Nf6 5.Nc3 Nc6 6.Bg5 e6 7.Qd2 Qb6 8.Nb3 Be7
9.Bxf6 gxf6 10.a4 a6 11.a5 Qc7 12.Na4 Bd7 13.Nb6 Rd8 14.Be2 Na7 15.O-O Bc6
16.Qc3 Qb8 17.Qe3 h5 18.Nd4 h4 19.h3 Bf8 20.Nxc6 Nxc6 21.Qc3 Ne5 22.b4 Ke7
23.b5 axb5 24.Rab1 Nd7 25.Rxb5 Bh6 26.Rfb1 Qa7 27.Qc7 Bd2 28.Nc4 Bf4 29.Rxb7 Qc5
30.Qxc5 dxc5 31.a6 Rb8 32.a7 Rxb7 33.Rxb7 Rd8 34.Nb6  1-0

[Event "12th World Uni Women"]
[Site "Guimaraes POR"]
[Date "2012.08.22"]
[Round "6.3"]
[White "Kulon,K"]
[Black "Fuchs,Ju"]
[Result "0-1"]
[WhiteElo "2259"]
[BlackElo "2268"]

1.e4 c5 2.Nf3 d6 3.d4 cxd4 4.Nxd4 Nf6 5.Nc3 Nc6 6.Bg5 Qb6 7.Nb3 e6 8.Bxf6 gxf6
9.Qd2 Bd7 10.O-O-O a6 11.f4 O-O-O 12.Be2 h5 13.Rhf1 Na5 14.Rf3 Nxb3+ 15.axb3 Kb8
16.Kb1 Be7 17.Rh3 Qa5 18.Bxh5 Be8 19.g4 Bc6 20.Rd3 Rh7 21.Qe3 Bf8 22.e5 f5
23.Qe2 fxg4 24.Bxg4 d5 25.f5 Re8 26.fxe6 fxe6 27.Rf1 Bb4 28.Rf6 Bd7 29.h3 Rg7
30.Qf3 Ree7 31.Ne2 Bc5 32.Rd1 Qc7 33.Qf4 Rg8 34.Nc1 Ka8 35.Re1 Ree8 36.Nd3 Ba7
37.Rf7 Rc8 38.Qd2 Qd8 39.Qb4 Rc6 40.Ref1 Re8 41.Rf8 Rc8 42.Rxe8 Qxe8 43.Rf6 Qd8
44.Rf7 Qc7 45.Ka2 Qc6 46.Qd6 Rd8 47.Qe7 Bb6 48.Kb1 Ka7 49.h4 d4 50.Bf3 Qc8
51.h5 Bc6 52.Bxc6 Qxc6 53.Ka2 Rc8 54.Nb4 Qh1 55.Qxe6 Rc5 56.Nc6+ Rxc6 57.Qe8 Rc5
58.b4 Qd5+ 59.Ka3 Qxe5 60.Qg8 Qe3+ 61.Ka2 Qe6+ 62.Ka3 Rc7 63.Rf8 Qxg8 64.Rxg8 Rxc2
65.Kb3 Rh2 66.Rg5 d3 67.Rd5 d2 68.Kc2 Be3 69.b3 Rh1  0-1

[Event "EY Boys U16 2012"]
[Site "Prague CZE"]
[Date "2012.08.22"]
[Round "6.20"]
[White "Sosovicka,M"]
[Black "Ivekovic,Bo2"]
[Result "1/2-1/2"]
[WhiteElo "2040"]
[BlackElo "2200"]

1.e4 c5 2.Nf3 d6 3.d4 cxd4 4.Nxd4 Nf6 5.Nc3 Nc6 6.Bg5 e6 7.Qd2 a6 8.O-O-O Bd7
9.f4 b5 10.Bxf6 gxf6 11.Kb1 Qb6 12.Nxc6 Bxc6 13.f5 b4 14.Ne2 Bxe4 15.fxe6 fxe6
16.Qf4 f5 17.Ng3 Qc6 18.Bd3 Bxd3 19.Rxd3 Rc8 20.Rd2 Qc4 21.Qg5 Kd7 22.Re1 Be7
23.Qg7 Qg4 24.Qe5 Qg6 25.Nh5 Rhe8 26.Nf6+ Kc6 27.Qa5 Qxf6 28.Qxa6+ Kd7 29.Qb7+ Rc7
30.Qb5+ Rc6 31.Qb7+ Rc7 32.Qb5+ Rc6 33.Qb7+ Rc7  1/2-1/2

[Event "12th World Uni Women"]
[Site "Guimaraes POR"]
[Date "2012.08.23"]
[Round "7.4"]
[White "Severiukhina,Z"]
[Black "Kulon,K"]
[Result "1-0"]
[WhiteElo "2352"]
[BlackElo "2259"]

1.e4 c5 2.Nf3 d6 3.d4 cxd4 4.Nxd4 Nf6 5.Nc3 Nc6 6.Bg5 Qa5 7.Bb5 Bd7 8.Nb3 Qc7
9.Bxf6 gxf6 10.Qh5 Rg8 11.g3 Rg7 12.f4 Bg4 13.Qd5 O-O-O 14.Bxc6 bxc6 15.Qd3 f5
16.h3 Bh5 17.exf5 f6 18.Nd4 Bf7 19.Qa6+ Kd7 20.O-O-O Qb6 21.Qd3 c5 22.Ne6 Bxe6
23.fxe6+ Kxe6 24.Rhe1+ Kd7 25.Qf5+ Kc6 26.Qe4+ Kd7 27.Nd5 Qb5 28.c4 Qa6 29.Rd3 Rb8
30.Ra3 Qb7 31.Rb3 Qc8 32.Rxb8 Qxb8 33.Re3 Kd8 34.f5 h5 35.Nf4 Rh7 36.Qc6 e5
37.Rb3 Qxb3 38.Ne6+ Ke7 39.Qc7+  1-0

[Event "EY Boys U16 2012"]
[Site "Prague CZE"]
[Date "2012.08.23"]
[Round "7.19"]
[White "Fargac,M"]
[Black "Bida,M"]
[Result "1-0"]
[WhiteElo "2051"]
[BlackElo "2213"]

1.e4 c5 2.Nf3 Nc6 3.d4 cxd4 4.Nxd4 Nf6 5.Nc3 d6 6.Bg5 e6 7.Qd2 a6 8.O-O-O Bd7
9.f4 h6 10.Bxf6 Qxf6 11.Nf3 Qd8 12.Kb1 Be7 13.Bd3 Qb6 14.g4 O-O-O 15.h4 Kb8
16.g5 Rc8 17.h5 Na5 18.Rdg1 Nc4 19.Bxc4 Rxc4 20.Qd3 Rhc8 21.Ka1 Ka8 22.Rg2 Qb4
23.Nd2 Rxc3 24.bxc3 Rxc3 25.Rb1 Qa3 26.Qd4 Rxc2 27.Rb2 Rxb2 28.Qxb2 Qh3 29.Rg1 hxg5
30.Nc4 Bc6 31.Qxg7 Qh2 32.Rb1 Qf2 33.Nb6+ Ka7 34.Nc8+ Ka8 35.Nxe7 Bxe4 36.Qf8+ Ka7
37.Nc8+  1-0

[Event "12th ch-Euro Seniors"]
[Site "Kaunas LTU"]
[Date "2012.08.25"]
[Round "8.29"]
[White "Janulynas,J"]
[Black "Bylino,O"]
[Result "0-1"]
[WhiteElo "1805"]
[BlackElo "2075"]

1.e4 c5 2.Nf3 Nc6 3.d4 cxd4 4.Nxd4 Nf6 5.Nc3 d6 6.Bg5 Bd7 7.Be2 Qa5 8.Bxf6 gxf6
9.Nb3 Qg5 10.g3 Rc8 11.a3 f5 12.h4 Qh6 13.Qd2 Qxd2+ 14.Kxd2 fxe4 15.Nxe4 Bg7
16.c3 Be6 17.Kc2 O-O 18.Ng5 Bd7 19.Rhe1 Ne5 20.Nd4 Ba4+ 21.Kd2 e6 22.Bb5 Bxb5
23.Nxb5 h6 24.Nxd6 Rcd8 25.Kc2 Rxd6 26.Ne4 Rd5 27.f4 Nc4 28.b3 Nd6 29.Nxd6 Rxd6
30.Rad1 Rc6 31.Rd3 Rfc8 32.Ree3 h5 33.a4 a6 34.a5 Kh7 35.c4 Kg6 36.Rd7 R8c7
37.Red3 Bf6 38.Kd2 Be7 39.Kc3 Bc5 40.b4 Bf2 41.Rxc7 Rxc7 42.c5 Kf5 43.Kc4 Kg4
44.Rb3 Bxg3 45.b5 axb5+ 46.Kxb5 Bf2 47.Kb6 Rxc5 48.Kxb7 Rxa5 49.Kc6 Bxh4
50.Rb7 Rf5  0-1

[Event "12th ch-Euro Seniors"]
[Site "Kaunas LTU"]
[Date "2012.08.25"]
[Round "8.15"]
[White "Valenti,G"]
[Black "Furman,Bo"]
[Result "1/2-1/2"]
[WhiteElo "2180"]
[BlackElo "2255"]

1.e4 c5 2.Nf3 Nc6 3.d4 cxd4 4.Nxd4 Nf6 5.Nc3 d6 6.Bg5 e6 7.Qd2 Be7 8.O-O-O O-O
9.f4 h6 10.Bh4 e5 11.Nxc6 bxc6 12.fxe5 dxe5 13.Qxd8  1/2-1/2

[Event "EY Girls U18 2012"]
[Site "Prague CZE"]
[Date "2012.08.25"]
[Round "9.7"]
[White "Drakaki,A"]
[Black "Efroimski,M"]
[Result "1/2-1/2"]
[WhiteElo "1827"]
[BlackElo "2174"]

1.e4 c5 2.Nf3 d6 3.d4 cxd4 4.Nxd4 Nf6 5.Nc3 Nc6 6.Bg5 e6 7.Qd2 Be7 8.f4 O-O
9.O-O-O Qb6 10.Be2 h6 11.Bxf6 Bxf6 12.Nf3 Qa5 13.Kb1 a6 14.g4 Bxc3 15.Qxc3 Qxc3
16.bxc3 d5 17.exd5 exd5 18.Nd4 Re8 19.Bf3 Re3 20.Rd3 Rxd3 21.cxd3 Nxd4 22.cxd4 Bd7
23.Re1 Bc6 24.Kc2 Kf8 25.h4 a5 26.Kd2 Ra6 27.g5 Rb6 28.Kc3 Rb4 29.Bd1 Rb1
30.Kc2 Rb6 31.Kc3 Bd7 32.Bb3 Rd6 33.Re5 Bc6 34.Bd1 Rd8 35.Bf3 Rd7 36.Bg4 Rc7
37.Kb3 f6 38.gxf6 gxf6 39.Re3 Rg7 40.Bh5 Rg1 41.Re6 a4+ 42.Kc3 Rg2 43.Re2 Rg1
44.Re6 Ra1 45.Rxf6+ Ke7 46.Rf7+ Kd6 47.Kb2 Rf1 48.a3 Rf2+ 49.Kb1 Rh2 50.Rf6+ Ke7
51.Rxh6 Rxh4 52.Rh7+ Kd6 53.f5 Rf4 54.Rh6+ Ke7 55.Re6+ Kd7 56.Re5 Kd6 57.Re6+ Kc7
58.Re5 Rf2 59.Bf7 Bb5 60.Bxd5 Bxd3+ 61.Kc1 Bxf5 62.Be4 Bd7 63.Bc2 Kd6 64.Kb2 b5
65.Kc3 Bc6 66.Rh5 Bd5 67.Rh6+ Be6 68.Be4 Kd7 69.d5 Bg4 70.Bd3 Be2 71.Bxe2 Rxe2
72.Rb6 Re3+ 73.Kb4 Rb3+ 74.Kc5 Rxa3 75.Rxb5 Rc3+ 76.Kb4 Rd3 77.Kxa4 Kd6  1/2-1/2

[Event "27th Schwarzacher Open"]
[Site "Schwarzach AUT"]
[Date "2012.08.25"]
[Round "8.10"]
[White "Eberl,HC"]
[Black "Banas,J"]
[Result "1/2-1/2"]
[WhiteElo "2072"]
[BlackElo "2285"]

1.e4 c5 2.Nf3 d6 3.Nc3 Nc6 4.d4 cxd4 5.Nxd4 Nf6 6.Bg5 e6 7.Qd2 a6 8.O-O-O Bd7
9.f4 h6 10.Bh4 Rc8 11.Nf3 Be7 12.e5 dxe5 13.fxe5 Nd5 14.Nxd5 exd5 15.Bxe7 Qxe7
16.Qxd5 Nb4 17.Qxb7 Rxc2+ 18.Kb1 Rc7 19.Qb8+ Rc8 20.Qd6 Bf5+ 21.Ka1 Nc2+
22.Kb1 Na3+  1/2-1/2

[Event "14th Sants Open A"]
[Site "Barcelona ESP"]
[Date "2012.08.26"]
[Round "10.18"]
[White "Lorenzo de la Riva,L"]
[Black "Ladron de Guevara Pinto,P"]
[Result "1-0"]
[WhiteElo "2444"]
[BlackElo "2370"]

1.e4 c5 2.Nf3 d6 3.d4 cxd4 4.Nxd4 Nf6 5.Nc3 Nc6 6.Bg5 Bd7 7.Qd2 Rc8 8.f4 Nxd4
9.Qxd4 Qa5 10.e5 dxe5 11.fxe5 e6 12.O-O-O Rxc3 13.Bd2 Qxa2 14.Bxc3 g6 15.b4 Bh6+
16.Bd2 Qa3+ 17.Qb2 Qxb2+ 18.Kxb2 Bxd2 19.Rxd2 Ng4 20.Re2 h5 21.h3 Nh6 22.g4 Bb5
23.Rf2 Bxf1 24.Rhxf1 Ke7 25.Rf4 Rd8 26.Rc4 Rd7 27.Rff4 b5 28.Rc5 g5 29.Re4 hxg4
30.hxg4 Rb7 31.Rc6 Kf8 32.Ka3 Ng8 33.c4 Ne7 34.Rc5 bxc4 35.Rexc4 Nd5 36.Rd4 Ke7
37.Ka4 f6 38.exf6+ Kxf6 39.Re4 Rb6 40.Ka5 Rd6 41.b5 e5 42.Rc6 Rxc6 43.bxc6 Nc7
44.Re1 Ke6 45.Rd1 e4 46.Rd4 e3 47.Re4+ Kd5 48.Rxe3 Kxc6 49.Re5 Kd6 50.Rxg5 Ke6
51.Rf5 Nd5 52.Rf2 Ne7 53.g5 Nf5 54.g6 Ng7 55.Ka6  1-0

[Event "12th ch-Euro Seniors"]
[Site "Kaunas LTU"]
[Date "2012.08.26"]
[Round "9.2"]
[White "Maryasin,B"]
[Black "Balashov,Y"]
[Result "1/2-1/2"]
[WhiteElo "2324"]
[BlackElo "2450"]

1.e4 c5 2.Nf3 Nc6 3.d4 cxd4 4.Nxd4 Nf6 5.Nc3 d6 6.Bg5 e6 7.Qd2 a6 8.O-O-O Bd7
9.f3 Be7 10.Be3 h5 11.Bd3 b5 12.Nxc6 Bxc6 13.Kb1 Qc7 14.Bg5 Rc8 15.Rhe1  1/2-1/2

[Event "19th Graz Open 2012"]
[Site "Graz AUT"]
[Date "2012.08.28"]
[Round "4.10"]
[White "Pfaffel,T"]
[Black "Kokol,P"]
[Result "0-1"]
[WhiteElo "2131"]
[BlackElo "2266"]

1.e4 c5 2.Nf3 Nc6 3.d4 cxd4 4.Nxd4 Nf6 5.Nc3 d6 6.Bg5 e6 7.Qd2 a6 8.O-O-O Bd7
9.f4 b5 10.Bxf6 gxf6 11.Kb1 Qb6 12.Nxc6 Bxc6 13.Qe1 Be7 14.Bd3 b4 15.Ne2 a5
16.f5 e5 17.Ng3 Qc5 18.Qe2 Rc8 19.b3 a4 20.Bc4 h5 21.h4 Bf8 22.Nxh5 Ke7 23.g4 Rxh5
24.gxh5 Bh6 25.Rhg1 a3 26.Rg3 Bf4 27.Rg7 Rf8 28.Qd3 Be3 29.Rg3 Bf4 30.Rg2 Rh8
31.Rg7 Be8 32.Qe2 Bh6 33.Rg2 Bc6 34.Rd3 Bf4 35.Rg7 Rf8 36.Qg2 Bh6 37.Rg8 Bxe4
38.Qxe4 d5 39.Rxd5 Rxg8 40.Rd1 Qa7 41.Qd5 Kf8 42.Qd6+ Kg7 43.Qxb4 Rd8 44.Bd3 Rd4
45.Qe1 e4 46.Qg3+ Kh7 47.Rg1 Rd8 48.Bc4 Qd4 49.c3 Qd1+  0-1

[Event "37th Trade Fair Open A"]
[Site "Brno CZE"]
[Date "2012.08.29"]
[Round "5"]
[White "Mares,Jan"]
[Black "Shishkin,Va UKR"]
[Result "0-1"]
[WhiteElo "1920"]
[BlackElo "2485"]

1.e4 c5 2.Nf3 Nc6 3.d4 cxd4 4.Nxd4 Nf6 5.Nc3 d6 6.Bg5 Qb6 7.Nb3 e6 8.Qd2 Be7
9.Bxf6 gxf6 10.a4 O-O 11.a5 Qc7 12.Be2 Bd7 13.O-O Rad8 14.Nb5 Qb8 15.N3d4 a6
16.Ra3 Kh8 17.Rh3 Rg8 18.Nxc6 Bxc6 19.Nc3 Rg7 20.Rd1 Qc7 21.Rh5 f5 22.Bf1 fxe4
23.Qf4 f5 24.Qh6 Qd7 25.Ne2 Rdg8 26.Nd4 e3 27.Nxe6 e2 28.Nxg7 exf1=R+ 29.Kxf1 Rxg7
30.f3 Qc8 31.Rd2 Be8 32.Rh3 Bb5+ 33.Kg1 Bg5 34.Qxd6 Be3+ 35.Rf2 Bxf2+ 36.Kxf2 Qxc2+
37.Ke3 Qc1+ 38.Kf2 Qxb2+ 39.Ke3 Qc1+ 40.Kf2 Qc2+ 41.Ke3 Re7+ 42.Kf4 Qc4+  0-1

[Event "BDO Challengers 2012"]
[Site "Haarlem NED"]
[Date "2012.08.29"]
[Round "5.2"]
[White "Pijpers,A"]
[Black "Lampert,J"]
[Result "1/2-1/2"]
[WhiteElo "2333"]
[BlackElo "2267"]

1.e4 c5 2.Nf3 d6 3.d4 cxd4 4.Nxd4 Nf6 5.Nc3 Nc6 6.Bg5 e6 7.Qd2 a6 8.O-O-O Bd7
9.f4 b5 10.Bxf6 gxf6 11.Kb1 Qb6 12.Nxc6 Bxc6 13.f5 O-O-O 14.fxe6 fxe6 15.Bd3 h5
16.Rhf1 Be7 17.Ne2 e5 18.Ng3 d5 19.Qe2 Kb8 20.Rc1 Bb7 21.exd5 Bxd5 22.Nf5 Bc5
23.c4 Bxg2 24.Qxg2 Rxd3 25.Qc2 bxc4 26.Qxc4 Rd2 27.Rc2 Rhd8 28.Rfc1 Rxc2
29.Qxc2 Bb4 30.Qe2 Qb5 31.Qxh5 Ba3 32.Rc2 Qf1+ 33.Rc1 Qb5 34.Rc2 Qf1+ 35.Rc1 Qb5  1/2-1/2

[Event "World Youth U16 Olympiad 2012"]
[Site "Istanbul TUR"]
[Date "2012.08.30"]
[Round "3.13"]
[White "Ding,Tze How Dilwen"]
[Black "Spacek,O"]
[Result "1-0"]
[WhiteElo "1710"]
[BlackElo "1945"]

1.e4 c5 2.Nf3 Nc6 3.d4 cxd4 4.Nxd4 Nf6 5.Nc3 d6 6.Bg5 e6 7.Qd2 a6 8.O-O-O Be7
9.f4 Bd7 10.g3 h6 11.Bh4 Qa5 12.Nb3 Qc7 13.Bg2 O-O 14.Rhe1 Rfd8 15.e5 dxe5
16.fxe5 Ng4 17.Bxe7 Nxe7 18.Qd6 Qxd6 19.Rxd6 Bc6 20.Bxc6 Nxc6 21.Nc5 Ncxe5
22.Rxd8+ Rxd8 23.h3 Nf3 24.Rf1 Nge5 25.Nxb7 Rc8 26.Nd6 Rc6 27.Nb7 Nd4 28.Rd1 Nb5
29.Nxb5 axb5 30.Nd6 Rb6 31.Nc8 Ra6 32.a3 f5 33.Rd6 Ra8 34.Rxe6 Nd3+ 35.cxd3 Rxc8+
36.Kd2 Rc5 37.d4 Rd5 38.Kd3 Kf7 39.Re5 Rxe5 40.dxe5 g5 41.b3 Ke6 42.Kd4 Kd7
43.a4 Kc6 44.a5 h5 45.a6 f4 46.gxf4 g4 47.Ke3 gxh3 48.Kf2 h4 49.e6 Kb6 50.e7 h2
51.Kg2 h3+ 52.Kxh2  1-0

[Event "World Youth U16 Olympiad 2012"]
[Site "Istanbul TUR"]
[Date "2012.08.30"]
[Round "3.15"]
[White "Bezuidenhout,Roland"]
[Black "Narenthran,Savithri"]
[Result "1-0"]
[WhiteElo "1942"]
[BlackElo "1749"]

1.e4 c5 2.Nf3 d6 3.d4 cxd4 4.Nxd4 Nf6 5.Nc3 Nc6 6.Bg5 e6 7.Qd2 a6 8.O-O-O h6
9.Be3 Nxd4 10.Bxd4 Bd7 11.f3 Be7 12.g4 b5 13.Kb1 Bc6 14.h4 b4 15.Ne2 e5 16.Be3 d5
17.exd5 Qxd5 18.Rh3 Qxd2 19.Bxd2 Nd5 20.f4 exf4 21.Nxf4 Nxf4 22.Bxf4 O-O
23.g5 h5 24.Bc4 g6 25.Re3 Bc5 26.Re5 Bf2 27.Rd6 Bb5 28.Rxg6+ Kh7 29.Rh6+ Kg7
30.Bxb5 axb5 31.Re2 Rad8 32.Rxf2 Rd1+ 33.Bc1 Re8 34.c3 Ree1 35.Rc2 Rh1 36.Rxh5 Kg6
37.Rh6+ Kf5 38.cxb4 Kg4 39.g6 fxg6 40.Rxg6+ Kf3 41.Rc3+ Ke2 42.Rg2+ Kf1 43.Rcc2 Rxh4
44.Rh2 Rxh2 45.Rxh2 Kg1 46.Rh5 Kf2 47.Rxb5 Ke2 48.Re5+ Kd3 49.Rd5+  1-0

[Event "8th Dieppe Open A 2012"]
[Site "Dieppe FRA"]
[Date "2012.08.31"]
[Round "8.6"]
[White "Sanders,I"]
[Black "Guilleux,F"]
[Result "0-1"]
[WhiteElo "2114"]
[BlackElo "2439"]

1.e4 c5 2.Nf3 d6 3.d4 Nf6 4.Nc3 cxd4 5.Nxd4 Nc6 6.Bg5 e6 7.Qd2 a6 8.O-O-O Bd7
9.f3 Qa5 10.Nb3 Qc7 11.Kb1 Rb8 12.Bd3 b5 13.Bxf6 gxf6 14.Rhe1 Ne5 15.f4 Nc4
16.Qe2 h5 17.Ka1 Rb7 18.Bxc4 bxc4 19.Nd2 Bb5 20.f5 Be7 21.g3 Qc5 22.fxe6 fxe6
23.e5 fxe5 24.Qe4 Bc6 25.Qxc4 Qxc4 26.Nxc4 Rd7 27.Ne4 Bxe4 28.Rxe4 Rf8 29.Re2 e4
30.Nb6 Rb7 31.Nc8 d5 32.Nxe7 Kxe7 33.c3 Rf3 34.Kb1 Rxc3 35.Rc2 Rxc2 36.Kxc2 Kf6
37.b3 Ke5 38.Kd2 Rf7 39.Ke2 d4 40.Re1 d3+  0-1

[Event "8th Dieppe Open A 2012"]
[Site "Dieppe FRA"]
[Date "2012.09.01"]
[Round "9.2"]
[White "Kulaots,K"]
[Black "Guilleux,F"]
[Result "1/2-1/2"]
[WhiteElo "2558"]
[BlackElo "2439"]

1.e4 c5 2.Nf3 d6 3.d4 cxd4 4.Nxd4 Nf6 5.Nc3 Nc6 6.Bg5 Bd7 7.Qd2 Rc8 8.f4 Nxd4
9.Qxd4 Qa5 10.e5 dxe5 11.fxe5 e6 12.O-O-O Bc6 13.Bb5 Bxb5 14.exf6 Bc6 15.h4 Bc5
16.Qd3 g6 17.Ne4 O-O 18.Nxc5 Qxc5 19.Bh6 Rfe8 20.h5 Qf5 21.hxg6 Qxd3 22.Rxd3 fxg6
23.Rhd1 Kf7 24.g4 Bd5 25.g5 Rc7 26.R1d2 Rd8 27.b3 Rcd7 28.Kb2 Bc6 29.Rxd7+ Rxd7
30.Re2 b5 31.Re3 b4 32.a3 a5 33.axb4 axb4 34.Re1 Rc7 35.Re3 Bd5 36.Re2 Bf3
37.Rd2 Be4 38.Kc1 Bf5 39.Rd8 e5 40.Rf8+ Ke6 41.Re8+ Kf7 42.Rb8 Bxc2 43.Kb2 Be4
44.Rxb4 Bb7 45.Rb5 e4 46.Re5 Rd7 47.Kc3 Rd3+ 48.Kc4 Rd7 49.b4 Ba8 50.Bg7 Bb7
51.b5 Ba8 52.Kb4 Bb7 53.Ka5 Ba8 54.Kb6 Rb7+ 55.Ka6 Rd7 56.b6 Bd5 57.Kb5 Bb7
58.Kc4 Ba6+ 59.Kc3 Bb7 60.Rc5 Rd3+ 61.Kc2 Rd7 62.Re5 Bc6 63.Kc1 Bb7 64.Rc5 Ba6
65.Re5 Bb7 66.Kc2 Bc6 67.Kc3 Bb7 68.Kc4 Ba6+ 69.Kb4 Bb7 70.Kc5 Ba8 71.Kc4 Bb7
72.Kc5 Ba8 73.Kc4 Bb7  1/2-1/2

[Event "11th Istanbul Open A"]
[Site "Istanbul TUR"]
[Date "2012.09.01"]
[Round "3"]
[White "Marwan,A"]
[Black "Raetsky,A"]
[Result "0-1"]
[WhiteElo "2058"]
[BlackElo "2445"]

1.e4 c5 2.Nf3 Nc6 3.d4 cxd4 4.Nxd4 Nf6 5.Nc3 d6 6.Bg5 e6 7.Qd2 a6 8.O-O-O h6
9.Bh4 Nxe4 10.Bxd8 Nxd2 11.Bb6 Nxf1 12.Rhxf1 Bd7 13.f4 Be7 14.f5 O-O 15.Ne4 Nxd4
16.Rxd4 exf5 17.Nxd6 Bc6 18.Nxf5 Bg5+ 19.Kb1 Bxg2 20.Rg1 Bh3 21.Nxg7 Kxg7
22.Rg3 Rfe8 23.Rd1 Bf5 24.h4 Re2 25.Rdg1 Rae8 26.Ba5 Rxc2 27.Ka1 f6 28.Bc3 Kg6
29.Rf3 Bg4 30.Rff1 f5 31.hxg5 hxg5 32.a4 Re4 33.a5 Be2 34.Rf2 Bd3 35.Rxc2 Bxc2
36.b4 f4 37.Bd2 Rd4 38.Rg2 Be4 39.Rf2 Kf5 40.Kb2 Rc4 41.Bc3 g4 42.Rd2 g3
43.Rd8 g2 44.Rg8 Bd5 45.Rg7 f3 46.Be1 Re4 47.Bg3 g1=Q  0-1

[Event "World Youth U16 Olympiad 2012"]
[Site "Istanbul TUR"]
[Date "2012.09.01"]
[Round "6.8"]
[White "Kanjaryan,V"]
[Black "Lorparizangeneh,S"]
[Result "0-1"]
[WhiteElo "2091"]
[BlackElo "2201"]

1.e4 c5 2.Nf3 d6 3.d4 cxd4 4.Nxd4 Nf6 5.Nc3 Nc6 6.Bg5 e6 7.Ndb5 a6 8.Bxf6 gxf6
9.Nd4 Bd7 10.Be2 Qb6 11.Nb3 Rg8 12.O-O O-O-O 13.a4 Kb8 14.a5 Qc7 15.Qd2 Ne5
16.Kh1 Rc8 17.Qd4 Be7 18.Rfc1 Bc6 19.Bf1 f5 20.exf5 Rg4 21.Qb6 Rcg8 22.Qxc7+ Kxc7
23.h3 Rxg2  0-1

[Event "Botvinnik Memorial 2012"]
[Site "St Petersburg RUS"]
[Date "2012.09.01"]
[Round "8.32"]
[White "Kovalenko,I"]
[Black "Palchun,G"]
[Result "1/2-1/2"]
[WhiteElo "2586"]
[BlackElo "2189"]

1.e4 c5 2.Nf3 d6 3.d4 cxd4 4.Nxd4 Nf6 5.Nc3 Nc6 6.Bg5 Bd7 7.Nb3 h6 8.Bxf6 gxf6
9.f4 f5 10.exf5 Bxf5 11.Bd3 Bxd3 12.Qxd3 Bg7 13.O-O Qd7 14.Kh1 O-O-O 15.Nb5 Kb8
16.a4 Rhg8 17.c3 Qg4 18.Qd2 e5 19.Rae1 a6 20.Na3 Qe6 21.Qc2 Qg6 22.f5 Qg5
23.Nc4 d5 24.Nca5 Nxa5 25.Nxa5 e4 26.c4 Be5 27.g3 Bc7 28.Nxb7 Kxb7 29.cxd5 Bxg3
30.Rg1 Bxe1 31.Rxg5 hxg5 32.Qc6+ Ka7 33.Qc5+ Ka8 34.b4 Bxb4 35.Qxb4 Rxd5
36.Qxe4 Rd8 37.Kg2 f6 38.Kg3 Rd6 39.Kg4 Kb7 40.Kh5 Kb6 41.Qb4+ Kc6 42.Kg6 Rd2
43.Qa5 Kd7 44.Qb4 Rxh2 45.Qb7+ Kd8 46.Qb8+ Kd7 47.Kf7 Rc2 48.Qe8+ Kc7 49.Qe3 Rcd2
50.Ke7 R2d5 51.Qa7+ Kc8 52.Qa8+ Kc7 53.Qa7+ Kc8  1/2-1/2

[Event "5th Sabadell Open A"]
[Site "Sabadell ESP"]
[Date "2012.09.02"]
[Round "4.5"]
[White "Vehi Bach,V"]
[Black "Lorenzo de la Riva,L"]
[Result "1/2-1/2"]
[WhiteElo "2357"]
[BlackElo "2444"]

1.e4 c5 2.Nf3 Nc6 3.d4 cxd4 4.Nxd4 Nf6 5.Nc3 d6 6.Bg5 Bd7 7.Qd2 Rc8 8.Nxc6 Bxc6
9.Bd3 h6 10.Bxf6 gxf6 11.f4 h5 12.O-O-O f5 13.exf5 Bg7 14.Ne4 d5 15.f6 dxe4
16.fxg7 Rg8 17.Bc4 Qxd2+ 18.Rxd2 Rxg7 19.Rg1 e6 20.g3 Ke7 21.Be2 h4 22.g4 f5
23.Rdd1 e5 24.Rdf1 Rf8 25.Kd2 fxg4 26.Ke3 g3 27.hxg3 h3 28.g4 exf4+ 29.Rxf4 Rh8
30.Rh1 h2 31.Bf1 Kd6 32.Bg2 Rh4 33.Bxe4 Re7 34.Kd4 Rxe4+ 35.Rxe4 b5 36.Ke3 a5
37.Rd1+ Bd5 38.Rh1 a4 39.a3 Bxe4 40.Kxe4 Rxg4+ 41.Kf3 Rg1 42.Rxh2 Rb1 43.c3 Kc5
44.Ke3 Kc4 45.Rh4+ Kc5 46.Rh2 Kc4 47.Rh4+ Kc5 48.Ke4  1/2-1/2

[Event "World Youth U16 Olympiad 2012"]
[Site "Istanbul TUR"]
[Date "2012.09.03"]
[Round "7.14"]
[White "Sosovicka,M"]
[Black "Narenthran,Savithri"]
[Result "1/2-1/2"]
[WhiteElo "2040"]
[BlackElo "1749"]

1.e4 c5 2.Nf3 d6 3.d4 cxd4 4.Nxd4 Nf6 5.Nc3 Nc6 6.Bg5 e6 7.Qd2 a6 8.O-O-O h6
9.Be3 Nxd4 10.Bxd4 b5 11.f3 Be7 12.Kb1 Bb7 13.g4 Bc6 14.Bd3 b4 15.Ne2 e5
16.Bf2 d5 17.Ng3 dxe4 18.Nxe4 Nxe4 19.Bxe4 Bxe4 20.Qxd8+ Rxd8 21.fxe4 h5
22.gxh5 Rxh5 23.Rxd8+ Kxd8 24.c4 bxc3 25.bxc3 g6 26.Kc2 Kd7 27.c4 f5 28.c5 fxe4
29.Kc3 Kc6 30.Kc4 Rf5 31.Be3 Rf3 32.Re1 g5 33.Bg1 Rf4 34.Be3 Rg4 35.Re2 Rh4
36.Rg2 Rh3 37.Bxg5 Bxc5 38.Re2 e3 39.Kd3 Kd5 40.Bxe3 a5 41.a4 Bxe3 42.Rxe3 Rxh2
43.Rg3 e4+ 44.Ke3 Rh5 45.Rg4 Re5 46.Rh4 Kc4 47.Rxe4+ Rxe4+ 48.Kxe4  1/2-1/2

[Event "World Youth U16 Olympiad 2012"]
[Site "Istanbul TUR"]
[Date "2012.09.03"]
[Round "8.14"]
[White "Principe,A"]
[Black "Stremavicius,T"]
[Result "0-1"]
[WhiteElo "2228"]
[BlackElo "2195"]

1.e4 c5 2.Nf3 Nc6 3.d4 cxd4 4.Nxd4 Nf6 5.Nc3 d6 6.Bg5 Bd7 7.Qd2 Rc8 8.O-O-O Nxd4
9.Qxd4 Qa5 10.f4 Rxc3 11.bxc3 e5 12.Qc4 b5 13.Qd3 Bc6 14.Bxf6 gxf6 15.Kb1 Qa4
16.Re1 Ke7 17.g3 Bg7 18.Bg2 Rb8 19.Rd1 Qa3 20.fxe5 fxe5 21.Ka1 Qc5 22.Bh3 Rb6
23.Rb1 Ra6 24.Rb4 d5 25.Rd1 d4 26.Bf5 Kf8 27.Kb1 Be8 28.Rb3 Ra4 29.Bxh7 Rc4
30.Bf5 a5 31.cxd4 exd4 32.g4 a4 33.Rb2 Rc3 34.Qe2 b4 35.e5 a3 36.Rb3 Ba4
37.Bd3 Bxb3 38.cxb3 Bh6 39.Bc4 d3 40.Qf1 Qc7 41.Bxd3 Qxe5 42.Qe2 Qf6 43.Bc4 Qf4
44.Qf1 Rf3 45.Rd8+ Kg7 46.Qe1 Qf6 47.Qe2 Rf1+ 48.Kc2 Qc3+  0-1

[Event "World Youth U16 Olympiad 2012"]
[Site "Istanbul TUR"]
[Date "2012.09.04"]
[Round "9.20"]
[White "Nayhebaver,Martin"]
[Black "Dimic,P"]
[Result "0-1"]
[WhiteElo "2124"]
[BlackElo "2155"]

1.e4 c5 2.Nf3 d6 3.d4 cxd4 4.Nxd4 Nf6 5.Nc3 Nc6 6.Bg5 e6 7.Qd2 a6 8.O-O-O Bd7
9.Kb1 Be7 10.f3 Qc7 11.g4 h5 12.gxh5 Nxh5 13.Bxe7 Kxe7 14.Nf5+ Kf8 15.Nxd6 Rd8
16.f4 Ne7 17.Bg2 Bc6 18.Rhf1 Nc8 19.e5 Bxg2 20.Qxg2 Nxd6 21.exd6 Rxd6 22.Rxd6 Qxd6
23.f5 exf5 24.Rd1 Qe7 25.Nd5 Qe4 26.Qg5 g6 27.Nf6 Qe6 28.Rd8+ Kg7 29.Rxh8 Qe1+
30.Qc1 Qxc1+ 31.Kxc1 Kxh8 32.Nxh5 gxh5 33.Kd2 Kg7 34.Ke3 Kf6 35.Kf4 Ke6 36.c4 a5
37.h4 Kf6 38.b3 Ke6 39.a3 b6 40.b4 a4 41.b5 f6 42.Kf3 Ke5 43.Ke3 f4+ 44.Kf3 f5
45.Kf2 Kd4 46.c5 Kxc5 47.Kf3 Kxb5 48.Kxf4 Kc6 49.Kxf5 Kd5 50.Kg5 b5 51.Kxh5 b4  0-1

[Event "FSGM Sept 2012"]
[Site "Budapest HUN"]
[Date "2012.09.07"]
[Round "6.1"]
[White "Konnyu,J"]
[Black "Ashwin,J"]
[Result "0-1"]
[WhiteElo "2328"]
[BlackElo "2473"]

1.e4 c5 2.Nf3 d6 3.d4 cxd4 4.Nxd4 Nf6 5.Nc3 Nc6 6.Bg5 e6 7.Qd2 a6 8.f4 h6
9.Bxf6 Qxf6 10.Nf3 Bd7 11.O-O-O O-O-O 12.Na4 Be8 13.Be2 g5 14.g3 Rg8 15.Rhf1 gxf4
16.gxf4 Rg4 17.Nd4 Rg2 18.Qc3 Bg7 19.e5 dxe5 20.Nxc6 Bxc6 21.Nb6+ Kb8 22.Qxe5+ Qxe5
23.Rxd8+ Kc7 24.fxe5 Kxd8 25.Bf3 Rxh2 26.Bxc6 bxc6 27.Rxf7 Bxe5 28.Nc4 Bg3
29.Na5 Rh1+  0-1

[Event "FSIM Sept 2012"]
[Site "Budapest HUN"]
[Date "2012.09.08"]
[Round "8.1"]
[White "Lengyel,B"]
[Black "Nguyen Huynh Minh Huy"]
[Result "1/2-1/2"]
[WhiteElo "2250"]
[BlackElo "2435"]

1.e4 c5 2.Nf3 d6 3.d4 cxd4 4.Nxd4 Nf6 5.Nc3 Nc6 6.Bg5 e6 7.Bb5 Bd7 8.O-O Be7
9.Nb3 a6 10.Be2 O-O 11.Bxf6 gxf6 12.f4 Kh8 13.Bh5 Be8 14.Rf3 Rg8 15.Kh1 Qb6
16.Qd2 Rd8 17.Rd1 Rg7 18.Rh3 Na5 19.Qe2 Rc8 20.Rdd3 Nxb3 21.axb3 Bc6 22.Rhg3 Rcg8
23.Rxg7 Rxg7 24.Bf3 Qa5 25.Rd1 Rg8 26.Nd5 Bd8 27.Ne3 Qc5 28.c3 a5 29.g3 Be7
30.Nc2 Ra8 31.Nd4 Bd7 32.f5 Qe5 33.Rf1 Rf8 34.Bg2 Rg8 35.Qh5 Rg7 36.Qf3 Bd8
37.Qd3 Rg8 38.Qf3 Rg7 39.Qh5 Bb6 40.Qd1 Rg8 41.Qd3 Rf8 42.Qd2 Rg8 43.Qd3 Rf8
44.Qd2  1/2-1/2

[Event "11th Kesarovski-Stanchev Mem"]
[Site "Sunny Beach BUL"]
[Date "2012.09.08"]
[Round "8.8"]
[White "Drenchev,P"]
[Black "Radulov,I"]
[Result "1-0"]
[WhiteElo "2487"]
[BlackElo "2297"]

1.Nf3 c5 2.e4 Nc6 3.d4 cxd4 4.Nxd4 Nf6 5.Nc3 d6 6.Bg5 e6 7.Qd2 a6 8.O-O-O h6
9.Be3 Bd7 10.f3 b5 11.Kb1 b4 12.Nxc6 Bxc6 13.Ne2 d5 14.Nd4 Bb7 15.e5 Nd7
16.f4 g6 17.g4 Qc7 18.Bd3 Nc5 19.Rc1 Rc8 20.Rhf1 Be7 21.f5 gxf5 22.gxf5 Kd7
23.f6 Bf8 24.Bf4 Qb6 25.Be3 Qa5 26.Qe2 h5 27.Rg1 Qc7 28.Nf3 Ne4 29.Bxe4 dxe4
30.Ng5 Ke8 31.Bd4 Qc4 32.Qf2 Rd8 33.Rcd1 Bd5 34.b3 Qc6 35.Rc1 Bh6 36.c4 bxc3
37.Rxc3 Qb7 38.Be3  1-0